000 00471nam a2200169Ia 4500
003 OSt
005 20200923123250.0
008 190216s9999||||xx |||||||||||||| ||und||
040 _coclc
082 _a580
_bBRO/P
100 _aBrown, William H
_94866
245 4 _aThe Plant Kingdom /
_cWilliam H Brown
260 _bVakils Feffer & Simons Pvt.,
_aBombay:
_c1966.
300 _a869p
650 _aBotany
942 _cBK
_2ddc
_h580
_iBRO/P
_k580
_mBRO/P
999 _c1021
_d1021